Responses for Show #4370 - Friday, September 12, 2003

Contestants

[<< previous game]

Jill Kaiser, a trauma center registration secretary from Edgington, Illinois

Bernie McGorrey, a senior systems analyst from Southampton, Pennsylvania

Aimee deLaricheliere, a paraeducator from Burlington, Vermont (whose 1-day cash winnings total $17,200)

[next game >>]

Jeopardy! Round responses

THE TWENTIETH
SEASON
ARTISTS' BIRTHPLACES
"AMERICAN" MOVIES
WHAT'S THAT THING CALLED?
SOUNDS LIKE A RAPPER
    $200 16
the 20th Amendment

Aimee
    $200 21
the fall

Bernie
    $200 11
Mexico

Aimee
    $200 6
American Pie

Aimee
    $200 26
a palette

Jill
    $200 1
2-ply

Jill
    $400 17
(Aimee: What is silver?)
(Jill: What is Argentina?)

China

AimeeJill
Triple Stumper
    $400 22
(Aimee: What are summer and winter?)
(Jill: What is spring and summer?)

spring and fall

AimeeBernieJill
    $400 12
Oslo

Aimee
    $400 7
The Quiet American

Aimee
    $400 27
armor

Jill
    $400 2
(Bernie: What is a master?)

master key

AimeeBernie
    $600 18
Garfield

Bernie
    $600 23
the Winter Olympics

Bernie
    $1,000 13
Florence

Aimee
    $600 8
(Aimee: What is The American Tail?)

An American Tail

AimeeBernie
    $600 28
a sawhorse

Aimee
    $600 3
(Aimee: What is an iceberg?)

an ice cap

AimeeJill
    $800 19
Rupert Murdoch

Aimee
    $800 24
the summertime blues

Jill
    $800 14
Picasso

Aimee
    $800 9
American Beauty

Aimee
    $800 29
a toothbrush

Triple Stumper
    $800 4
Big Muddy

Triple Stumper
    $1000 20
(Aimee: What is a pence?)

a shilling

Aimee
Triple Stumper
    $1000 25
The Winter's Tale

Triple Stumper
    $1000 15
(Aimee: What is Mason?)

Leyden

Aimee
Triple Stumper
    $1000 10
The Ugly American

Bernie
    $1000 30
(Bernie: What is a stylus?)

a tone arm

Bernie
Triple Stumper
    $1000 5
PB&J

Aimee

Scores at the first commercial break (after clue 15):

Aimee Bernie Jill
$3,000 $1,200 $800

Scores at the end of the Jeopardy! Round:

Aimee Bernie Jill
$2,800 $2,000 $1,400

Double Jeopardy! Round responses

DISCOVERY CHANNEL UNSOLVED HISTORY
VOCALISTS
ROBERT FROST BITES
THEY'RE NOT BOOING, THEY'RE SAYING...
ARCHIPELAGOS
SIMILES
    $400 1
the Alamo

Bernie
    $400 3
Frank Sinatra

Aimee
    $400 6
good neighbors

Jill
    $400 12
shrew

Aimee
    $400 16
the Bahamas

Triple Stumper
    $400 22
a tack

Jill
    $800 2
the Red Baron

Triple Stumper
    $800 9
Cher

Aimee
    $800 7
fire

Bernie
    $800 13
Lou

Jill
    $800 17
Sulu

Triple Stumper
    $800 23
sober

Bernie
    $1200 4
(Bernie: What is the Lusitania?)

the Maine

Bernie
Triple Stumper
    $1200 10
Sarah Brightman

Jill
    $200 8
(Bernie: [No guess])

home

Bernie
    $1200 14
Hugh

Jill
    $1200 24
[The end-of-round signal sounds.]

drawn like a moth to the flame

Triple Stumper
    $1600 5
(Jill: What is the Battle of Bull Run?)
(Aimee: What is Antietam?)

Pickett's charge at Gettysburg

AimeeJill
Triple Stumper
    $1600 11
John Denver

Bernie
    $1600 19
diverged

Aimee
    $1600 15
Pew

Bernie
    $2000 18
(Bernie: Who is Josh Grodin?)

Josh Groban

BernieJill
    $2000 20
lovely, dark & deep

Triple Stumper
    $2000 21
(Charles) Drew

Triple Stumper

Scores at the end of the Double Jeopardy! Round:

Aimee Bernie Jill
$4,400 $3,800 $5,800

[wagering suggestions for these scores]

Final Jeopardy! Round responses

ALPHANUMERICS
BernieWhat is 3M?
$3,700
AimeeWhat is 3M?
$3,000
JillWhat is 3M?
$3,001
3M

Final scores:

Aimee Bernie Jill
$7,400 $7,500 $8,801
3rd place: $1,000 2nd place: $2,000 New champion: $8,801

Game dynamics:

Coryat scores:

Aimee Bernie Jill
$4,000 $4,000 $5,800
16 R
(including 1 DD),
7 W
11 R,
5 W
(including 1 DD)
11 R,
3 W

Combined Coryat: $13,800

[game clues] [game scores] [suggest correction]

Game tape date: 2003-07-22
The J! Archive is created by fans, for fans. Scraping, republication, monetization, and malicious use prohibited; this site may use cookies and collect identifying information. See terms. The Jeopardy! game show and all elements thereof, including but not limited to copyright and trademark thereto, are the property of Jeopardy Productions, Inc. and are protected under law. This website is not affiliated with, sponsored by, or operated by Jeopardy Productions, Inc. Join the discussion at JBoard.tv.